Nákupné centrá v Bratislave a atribúty, ovplyvňujúce preferencie spotrebiteľov
Zhodnotenie nákupných preferencií spotrebiteľov v kontexte hlavných atribútov nákupných centier na území mesta Bratislava. Správanie spotrebiteľov v Bratislave a ich percepcie nákupných centier v priestorových súvislostiach. Vyhodnotenie relatívnej dôležitosti atribútov najviac preferovaných nákupný...
Na minha lista:
| Autor principal: | |
|---|---|
| Outros Autores: | , , , |
| Formato: | Capítulo de Livro |
| Idioma: | eslovaco |
| Assuntos: | |
| Tags: |
Sem tags, seja o primeiro a adicionar uma tag!
|
MARC
| LEADER | 00000naa a2200000 4500 | ||
|---|---|---|---|
| 001 | 0213353 | ||
| 005 | 20240619191431.7 | ||
| 041 | 0 | |a slo | |
| 044 | |a SK | ||
| 245 | 1 | 0 | |a Nákupné centrá v Bratislave a atribúty, ovplyvňujúce preferencie spotrebiteľov |c František Križan, Kristína Bilková, Pavol Kita, Josef Kunc, Peter Barlík |
| 520 | |a Zhodnotenie nákupných preferencií spotrebiteľov v kontexte hlavných atribútov nákupných centier na území mesta Bratislava. Správanie spotrebiteľov v Bratislave a ich percepcie nákupných centier v priestorových súvislostiach. Vyhodnotenie relatívnej dôležitosti atribútov najviac preferovaných nákupných centier v Bratislave. | ||
| 610 | 2 | 0 | |a centrá nákupné |
| 610 | 2 | 0 | |a zvyklosti obchodné |
| 610 | 2 | 0 | |a správanie spotrebiteľa |
| 610 | 2 | 0 | |a siete maloobchodné |
| 100 | 1 | |a Križan, František | |
| 700 | 1 | |a Bilková, Kristína | |
| 700 | 1 | |a Kita, Pavol | |
| 700 | 1 | |a Kunc, Josef | |
| 700 | 1 | |a Barlík, Peter | |